• 首页
  • 本馆介绍
  • 公告通知
  • 最新文献
  • 馆藏检索
  • 电子资源
  • 读者导购
  • 参考咨询
  • 我的图书馆
  • 登录
  • 详细信息显示
  • 放入我的书架
  • 预约/预借图书
  • 作者相关作品
  • 分类相关作品
  • 丛书相关作品
  • 出版社相关作品

书目信息

  • 表格格式
  • 工作单格式
  • 卡片格式
题名:
世界地图集
    
 
作者: ;地图出版社 编制
分册:  
出版信息: 北京   地图出版社  1972.12
页数: 85幅
开本: 26cm
丛书名:
单 册:
中图分类: P981 , K991
科图分类:
主题词: 地图集-世界地图 , 自然地理图 , 世界地图-地图集
电子资源:
ISBN:
000 00684nam0 2200265 45
001 0178006070
005 20070801170840.82
010    @b精装@dCNY9.40
091    @a12014.712
100    @a19950802d1972 em y0chiy0121 ea
101 0  @achi
102    @aCN@b110000
105    @ab z 000yy
200 10 @a世界地图集@Ashi jie di tu ji@f地图出版社编制
205    @a2版
210    @a北京@c地图出版社@d1972.12
215    @a85幅@d26cm
606    @a地图集-世界地图
606 0  @a自然地理图
606    @a世界地图-地图集
690    @aP981
690    @aK991@v3
711 02 @a地图出版社@Adi tu chu ban she@4编制
801  0 @aCN@bNLC@c20070801
905    @f1@b213307@f1@b150131@dP981@e25
    
    世界地图集/地图出版社编制.-2版.-北京:地图出版社,1972.12
    85幅;26cm
    
    
    ISBN (精装):CNY9.40
    
●
相关链接 在E读中查询图书 在五车中查询图书 在当当中查询图书 在豆瓣中查询图书


正题名:世界地图集     索取号:P981/25         预约/预借

序号 登录号 条形码 馆藏地/架位号 状态 备注
1 0113065   000556543   密集书库/ [索取号:P981/25] 在馆    
2 0113066   000556561   密集书库/ [索取号:P981/25] 在馆    
3 0113067   000556552   工具书阅览室/ [索取号:P981/25] 在馆    
4 0113069   001748835   密集书库/ [索取号:P981/25] 在馆    
5 0150131   001962308   密集书库/ [索取号:P981/25] 在馆    
6 0156712   000556534   第二样本阅览室/ [索取号:P981/25] 在馆    
7 0213307   000556525   密集书库/ [索取号:P981/25] 在馆    
8 0790602   207906024   密集书库/ [索取号:P981/25] 在馆    
唐山师范学院图书馆 欢迎您!
大连网信软件有限公司© 版权所有